<?xml version="1.0" encoding="UTF-8"?>
<collection xmlns="http://www.loc.gov/MARC21/slim">
 <record>
  <leader>00672pamaa2200181   4500</leader>
  <controlfield tag="001">0000019982</controlfield>
  <controlfield tag="005">20060511090000.0</controlfield>
  <datafield tag="020" ind1="0" ind2="0">
   <subfield code="a">0300057938 </subfield>
  </datafield>
  <datafield tag="082" ind1=" " ind2=" ">
   <subfield code="a">371.97 MIL</subfield>
  </datafield>
  <datafield tag="090" ind1="0" ind2="0">
   <subfield code="a">LC3731 </subfield>
   <subfield code="b">MIL 1995</subfield>
  </datafield>
  <datafield tag="100" ind1="1" ind2="0">
   <subfield code="a">MILLER </subfield>
  </datafield>
  <datafield tag="245" ind1="1" ind2="3">
   <subfield code="a">An American imperative : </subfield>
   <subfield code="b">accelerating minority educational advancement  </subfield>
   <subfield code="c">L. Scott Miller.</subfield>
  </datafield>
  <datafield tag="260" ind1="0" ind2="0">
   <subfield code="a">New Haven: </subfield>
   <subfield code="b">Yale University Press, </subfield>
   <subfield code="c">1995.</subfield>
  </datafield>
  <datafield tag="300" ind1=" " ind2=" ">
   <subfield code="a">xx, 393p.; </subfield>
   <subfield code="c">25cm.</subfield>
  </datafield>
  <datafield tag="650" ind1="0" ind2="0">
   <subfield code="a">Minorities -- </subfield>
   <subfield code="x">Education -- </subfield>
   <subfield code="x">Social aspects -- </subfield>
   <subfield code="z">United States </subfield>
  </datafield>
  <datafield tag="650" ind1="0" ind2="0">
   <subfield code="a">Academic achievement -- </subfield>
   <subfield code="x">Social aspect -- </subfield>
   <subfield code="z">United States </subfield>
  </datafield>
  <datafield tag="650" ind1="0" ind2="0">
   <subfield code="a">Right to education -- </subfield>
   <subfield code="z">United States </subfield>
  </datafield>
  <datafield tag="650" ind1="0" ind2="0">
   <subfield code="a">Pluralism (Social sciences) -- </subfield>
   <subfield code="z">United States </subfield>
  </datafield>
 </record>
</collection>
